Statistics for Most Peaceful Countries of the World A-Z

Click here to take the quiz!

General Stats

  • This quiz has been taken 82 times
    (32 since last reset)
  • The average score is 17 of 24

Answer Stats

Country # % Correct
OOman69
96%
DDenmark5
96%
AAustria4
93%
QQatar31
93%
GGermany22
89%
YYemen160
86%
IIceland1
82%
JJapan9
82%
HHungary21
82%
ZZambia48
82%
FFinland14
82%
CCanada6
79%
EEstonia37
79%
NNew Zealand2
71%
RRomania25
64%
VVietnam57
64%
LLatvia35
61%
PPortugal3
61%
UUruguay34
57%
SSingapore7
46%
KKuwait43
39%
TTaiwan36
39%
BBhutan15
32%
MMalaysia16
21%

Score Distribution

Percentile by Number Answered

Percent of People with Each Score

Your Score History

You have not taken this quiz since the last reset